Central Library and Information Centre
Sibsagar Girls' College, Sivasagar : Assam

AN INTRODUCTION TO VIRUS (Record no. 9191)

MARC details
000 -LEADER
fixed length control field 00384cam a2200169ua 4500
008 - FIXED-LENGTH DATA ELEMENTS--GENERAL INFORMATION
fixed length control field 160227n II |||gr||||Z||||||eng
040 ## - CATALOGING SOURCE
Original cataloging agency MAIN
041 ## - LANGUAGE CODE
-- English
082 ## - DEWEY DECIMAL CLASSIFICATION NUMBER
Classification number 585 BIS
100 ## - MAIN ENTRY--PERSONAL NAME
Personal name BISWAS , S.B .
245 ## - TITLE STATEMENT
Title AN INTRODUCTION TO VIRUS
300 ## - PHYSICAL DESCRIPTION
Dimensions 20.00.
700 ## - ADDED ENTRY--PERSONAL NAME
Personal name BISWAS , S.B .,
Relator term Author.
942 ## - ADDED ENTRY ELEMENTS (KOHA)
Koha item type Books
653 ## - INDEX TERM--UNCONTROLLED
Uncontrolled term Gymnosperms conifers
Holdings
Withdrawn status Lost status Damaged status Not for loan Collection code Home library Current library Shelving location Date acquired Full call number Barcode Date last seen Copy number Price effective from Koha item type
    Damaged   TBCHE Central Library and Information Centre Sibsagar Girls College Central Library and Information Centre Sibsagar Girls College Botany Rack 04.02.1984 585 BIS 08506 27.02.2020 1 27.02.2020 Books


Sibsagar Girl's College © 2020. All rights reserved.
Powered by Koha.
Maintained by Abhijit Borpuzari.